[Event "GER-ch U18 sf Berlin Online"]
[Site "Playchess.com INT"]
[Date "2020.05.01"]
[Round "8"]
[White "Canno, Clara Yumi"]
[Black "Groenmeyer, Moritz Jakob"]
[Result "0-1"]
[WhiteElo "1620"]
[BlackElo "1620"]
[PlyCount "76"]
[EventDate "2020.05.01"]
[EventType "swiss (blitz)"]
[EventRounds "13"]
[EventCountry "GER"]
[SourceTitle "CBM 195 Extra"]
[Source "ChessBase"]
[SourceDate "2020.05.31"]
[SourceVersion "1"]
[SourceVersionDate "2020.05.31"]
[SourceQuality "1"]

1. e4 c5 2. Nf3 Nc6 3. Bb5 a6 4. Bxc6 bxc6 5. d3 d5 6. Bg5 dxe4 7. dxe4 Qxd1+ 8. Kxd1 h6 9. Bf4 Nf6 10. Ke2 Bg4 11. Rd1 Nxe4 12. Ke3 Bxf3 13. Kxf3 Nf6 14. Ke2 e6 15. Kf1 Be7 16. Nc3 0-0 17. Be5 Rad8 18. Rxd8 Rxd8 19. Re1 Rd2 20. Rc1 Bd6 21. Bxd6 Rxd6 22. Re1 Nd5 23. h3 Nxc3 24. bxc3 Rd2 25. Rc1 g5 26. Ke1 Rd7 27. a4 Kg7 28. c4 Rd4 29. Rb1 Rxc4 30. Rb7 Rxc2 31. Rc7 Ra2 32. Rxc6 Rxa4 33. Rxc5 Ra1+ 34. Rc1 Rxc1+ 35. Kd2 Rc7 36. Ke3 a5 37. Kd3 a4 38. Ke4 a3 0-1

[Event "GER-ch U18 sf Berlin Online"]
[Site "Playchess.com INT"]
[Date "2020.05.01"]
[Round "2"]
[White "Groenmeyer, Moritz Jakob"]
[Black "Kwech, Martin"]
[Result "0-1"]
[WhiteElo "1620"]
[BlackElo "1375"]
[PlyCount "88"]
[EventDate "2020.05.01"]
[EventType "swiss (blitz)"]
[EventRounds "13"]
[EventCountry "GER"]
[SourceTitle "CBM 195 Extra"]
[Source "ChessBase"]
[SourceDate "2020.05.31"]
[SourceVersion "1"]
[SourceVersionDate "2020.05.31"]
[SourceQuality "1"]

1. e4 e5 2. Nf3 Nc6 3. d4 exd4 4. Nxd4 Bc5 5. Be3 Qf6 6. c3 Nge7 7. Bc4 0-0 8. 0-0 d6 9. Nd2 Ne5 10. N2f3 Nxc4 11. b3 Ne5 12. Qd2 Nxf3+ 13. gxf3 Bxd4 14. Bxd4 Qxf3 15. Qg5 Ng6 16. h4 h6 17. Qg2 Qxg2+ 18. Kxg2 Nxh4+ 19. Kg3 Ng6 20. Kh2 f5 21. Rg1 Kh7 22. exf5 Rxf5 23. Rae1 Rh5+ 24. Kg2 Rg5+ 25. Kf1 Rxg1+ 26. Kxg1 Nf4 27. Re4 Nh3+ 28. Kh2 Ng5 29. Re1 Nf3+ 30. Kg2 Nxe1+ 31. Kg3 Bf5 32. Kf4 Nc2 33. Kf3 Nxd4+ 34. Kg2 g5 35. cxd4 h5 36. Kg3 h4+ 37. Kg2 g4 38. Kh2 h3 39. Kg1 Be4 40. Kf1 h2 41. Ke2 h1Q 42. Kd2 Bg6 43. Kc3 Re8 44. Kd2 Qe1# 0-1

[Event "GER-ch U18 sf Berlin Online"]
[Site "Playchess.com INT"]
[Date "2020.05.01"]
[Round "7"]
[White "Groenmeyer, Moritz Jakob"]
[Black "Muendoerfer, Sebastian"]
[Result "0-1"]
[WhiteElo "1620"]
[BlackElo "1619"]
[PlyCount "130"]
[EventDate "2020.05.01"]
[EventType "swiss (blitz)"]
[EventRounds "13"]
[EventCountry "GER"]
[SourceTitle "CBM 195 Extra"]
[Source "ChessBase"]
[SourceDate "2020.05.31"]
[SourceVersion "1"]
[SourceVersionDate "2020.05.31"]
[SourceQuality "1"]

1. e4 c5 2. Nf3 g6 3. d4 cxd4 4. Nxd4 Bg7 5. Nc3 Nc6 6. Nxc6 bxc6 7. Bc4 Nf6 8. Qf3 0-0 9. 0-0 d6 10. Bg5 Bg4 11. Qg3 Qd7 12. f3 Nh5 13. Qf2 Be6 14. Bxe6 Qxe6 15. Be3 c5 16. Rad1 Bxc3 17. bxc3 Ng7 18. a3 Qe5 19. Qd2 Rad8 20. Bf4 Qe6 21. Rfe1 Qc8 22. Bh6 Qa6 23. Ra1 Qa5 24. Qd3 Qb6 25. Rab1 c4+ 26. Qd4 Qxd4+ 27. cxd4 Rb8 28. Rxb8 Rxb8 29. Bxg7 Kxg7 30. Kf2 h5 31. h3 Rb2 32. Re2 Ra2 33. c3 Rxa3 34. Rc2 Ra1 35. Kg3 a5 36. Kf2 a4 37. Ke2 a3 38. Kd2 a2 39. Rb2 Rd1+ 40. Kxd1 a1Q+ 41. Kc2 Qa4+ 42. Kb1 Qd1+ 43. Ka2 Qd3 44. Rb1 Qxc3 45. Rb2 Qe1 46. Rb1 Qf2+ 47. Rb2 Qxd4 48. Rb3 cxb3+ 49. Kxb3 Qd2 50. Ka4 Qxg2 51. Kb5 Qxf3 52. Kc6 Qxe4+ 53. Kd7 Qe6+ 54. Kc7 d5 55. Kb7 d4 56. Kb8 d3 57. Kb7 d2 58. Kb8 d1Q 59. Kb7 Qed7+ 60. Kb6 Qb1+ 61. Kc5 Qc1+ 62. Kb6 Qdc7+ 63. Kb5 Qb1+ 64. Ka6 Qcb7+ 65. Ka5 Qa7# 0-1